[Event "ENCI Limburg-open C"]
[Site "Maastricht"]
[Date "2010.05.24"]
[Round "6"]
[White "Allen, Tim"]
[Black "Van Steenwinckel, Hugo"]
[Result "1/2-1/2"]
[WhiteElo "1699"]
[BlackElo "1645"]
[PlyCount "79"]
[EventDate "2010.05.21"]
[EventType "swiss"]
[EventRounds "7"]
[EventCountry "NED"]
[Source "P.Boonen"]
[SourceDate "2010.10.01"]

1. e4 e5 2. Bc4 Nf6 3. d4 Nc6 4. Nf3 exd4 5. e5 Ng8 6. O-O d5 7. exd6 Bxd6 8.
Re1+ Nge7 9. Ng5 O-O 10. Qh5 h6 11. Nxf7 Rxf7 12. Bxf7+ Kf8 13. Bc4 Qe8 14.
Qxe8+ Kxe8 15. Nd2 Bf5 16. c3 dxc3 17. bxc3 Kd7 18. Ne4 Rd8 19. Nxd6 cxd6 20.
Bf4 Ng6 21. Bg3 Nge5 22. Bb5 Kc7 23. Rad1 a6 24. Ba4 Nd3 25. Re2 Nce5 26. Bxe5
dxe5 27. f3 e4 28. fxe4 Bg4 29. Red2 Bxd1 30. Bxd1 Nc5 31. Rxd8 Kxd8 32. Bc2
Ke7 33. Kf2 Ke6 34. g4 Ke5 35. Ke3 b6 36. h4 Ne6 37. h5 a5 38. a4 Nc5 39. Kf3
Nd7 40. Ke3 1/2-1/2

[Event "ENCI Limburg-open C"]
[Site "Maastricht"]
[Date "2010.05.24"]
[Round "6"]
[White "Boer, Jan"]
[Black "Ucaroglu, Melih Furkan"]
[Result "1-0"]
[WhiteElo "1689"]
[BlackElo "1414"]
[PlyCount "63"]
[EventDate "2010.05.21"]
[EventType "swiss"]
[EventRounds "7"]
[EventCountry "NED"]
[Source "P.Boonen"]
[SourceDate "2010.10.01"]

1. d4 Nf6 2. c4 e6 3. Nf3 b6 4. g3 Bb7 5. Bg2 d5 6. Ne5 Bb4+ 7. Bd2 Bxd2+ 8.
Qxd2 O-O 9. O-O Ne4 10. Qc2 f6 11. Ng4 Nd7 12. Ne3 f5 13. f3 Nef6 14. Nc3 c6
15. Rad1 Rc8 16. Rfe1 Qe8 17. Qa4 a6 18. Qb3 Qg6 19. Nf1 h5 20. e4 dxe4 21.
fxe4 Ng4 22. h3 Nh6 23. exf5 Qxf5 24. c5 Rce8 25. Ne4 Nf7 26. Ne3 Qg6 27. Nc4
b5 28. Ncd6 Rb8 29. Nxf7 Qxf7 30. Nd6 Qf2+ 31. Kh1 Nf6 32. Rf1 1-0

[Event "ENCI Limburg-open C"]
[Site "Maastricht"]
[Date "2010.05.24"]
[Round "6"]
[White "Boontje, Willem"]
[Black "Senders, Justin"]
[Result "1/2-1/2"]
[WhiteElo "1689"]
[BlackElo "1630"]
[PlyCount "66"]
[EventDate "2010.05.21"]
[EventType "swiss"]
[EventRounds "7"]
[EventCountry "NED"]
[Source "P.Boonen"]
[SourceDate "2010.10.01"]

1. d4 Nf6 2. c4 g6 3. Nc3 Bg7 4. e4 d6 5. f3 Nbd7 6. Be3 e5 7. d5 a5 8. Nge2 b6
9. Nb5 Nb8 10. Nec3 Na6 11. Be2 Nd7 12. a3 Bb7 13. O-O O-O 14. Na4 f5 15. exf5
gxf5 16. f4 exf4 17. Rxf4 Ne5 18. Qc2 Bh6 19. Raf1 Bxf4 20. Bxf4 Qf6 21. Nd4
Bc8 22. Qd2 Qg6 23. b3 Bd7 24. Bd1 Nc5 25. Nxc5 bxc5 26. Nf3 Qf6 27. Bg5 Nxf3+
28. Rxf3 Qd4+ 29. Qxd4 cxd4 30. Rg3 Kh8 31. Rd3 Kg7 32. Rg3 Kh8 33. Rd3 Kg7
1/2-1/2

[Event "ENCI Limburg-open C"]
[Site "Maastricht"]
[Date "2010.05.24"]
[Round "6"]
[White "Braam, Marco"]
[Black "Ramaekers, Philippe"]
[Result "1-0"]
[WhiteElo "1675"]
[BlackElo "1601"]
[PlyCount "51"]
[EventDate "2010.05.21"]
[EventType "swiss"]
[EventRounds "7"]
[EventCountry "NED"]
[Source "P.Boonen"]
[SourceDate "2010.10.01"]

1. e4 e6 2. Nc3 d5 3. d4 Bb4 4. exd5 Qxd5 5. Nf3 c5 6. Bd2 Bxc3 7. Bxc3 Ne7 8.
dxc5 Qxc5 9. Bxg7 Rg8 10. Bd4 Qc7 11. g3 Nbc6 12. Be3 Bd7 13. Bg2 O-O-O 14. O-O
e5 15. c3 f5 16. Qc2 f4 17. Bc5 Bf5 18. Qa4 e4 19. Nh4 f3 20. Bxe7 fxg2 21.
Bxd8 gxf1=Q+ 22. Rxf1 Qxd8 23. Nxf5 Re8 24. Rd1 Qf6 25. Nd6+ Kd7 26. Nxe4+ 1-0

[Event "ENCI Limburg-open C"]
[Site "Maastricht"]
[Date "2010.05.24"]
[Round "6"]
[White "Brone, Steven"]
[Black "Lemmens, Paul"]
[Result "1-0"]
[WhiteElo "1463"]
[BlackElo "1322"]
[PlyCount "77"]
[EventDate "2010.05.21"]
[EventType "swiss"]
[EventRounds "7"]
[EventCountry "NED"]
[Source "P.Boonen"]
[SourceDate "2010.10.01"]

1. b4 d5 2. Bb2 Bf5 3. e3 e6 4. b5 Nf6 5. Nf3 Nbd7 6. d3 Bd6 7. Be2 e5 8. O-O
c6 9. a4 O-O 10. c4 Qc7 11. h3 e4 12. Nd4 Be5 13. Ra2 Bg6 14. Nb3 c5 15. Bxe5
Nxe5 16. dxe4 Bxe4 17. N1d2 Rad8 18. Nxe4 dxe4 19. Qc1 Nd3 20. Bxd3 Rxd3 21.
Nd2 Rfd8 22. Rd1 Qe5 23. Rc2 Qg5 24. Rc3 Nh5 25. Rxd3 Rxd3 26. Nxe4 Rxd1+ 27.
Qxd1 Qh4 28. Nxc5 g6 29. Qd4 Qe7 30. Nb3 Qb4 31. Nc5 Qe1+ 32. Kh2 Qxf2 33. Qe5
Qc2 34. Qb8+ Kg7 35. Nxb7 Qxa4 36. Qc7 Qa1 37. Nd8 Qf6 38. Nc6 Qf2 39. Qe5+ 1-0

[Event "ENCI Limburg-open C"]
[Site "Maastricht"]
[Date "2010.05.24"]
[Round "6"]
[White "Chappin, Rene"]
[Black "Snoeks, Pieter Jan"]
[Result "1-0"]
[WhiteElo "1622"]
[BlackElo "1388"]
[PlyCount "63"]
[EventDate "2010.05.21"]
[EventType "swiss"]
[EventRounds "7"]
[EventCountry "NED"]
[Source "P.Boonen"]
[SourceDate "2010.10.01"]

1. e4 c5 2. Nf3 Nc6 3. d4 cxd4 4. Nxd4 e5 5. Nf3 d6 6. Bb5 Be7 7. Nc3 Nf6 8.
Bg5 O-O 9. Qd2 Bg4 10. h4 Bxf3 11. gxf3 Nd4 12. Be2 Nh5 13. O-O-O Nxe2+ 14.
Nxe2 f6 15. Be3 f5 16. Qd5+ Kh8 17. Kb1 fxe4 18. fxe4 Bxh4 19. Nc3 Nf4 20. Qxb7
Ng2 21. Rdg1 Rb8 22. Qxa7 Qc8 23. Rxg2 Rb7 24. Qa3 Be7 25. Nd5 Qc4 26. f3 Rxf3
27. Qa8+ Rf8 28. Qxb7 Rf1+ 29. Rxf1 Qxf1+ 30. Bc1 h6 31. Qc8+ Bf8 32. Qg4 1-0

[Event "ENCI Limburg-open C"]
[Site "Maastricht"]
[Date "2010.05.24"]
[Round "6"]
[White "Chotoe, Henry"]
[Black "Kunowski, Marco"]
[Result "1-0"]
[WhiteElo "1298"]
[BlackElo "1290"]
[PlyCount "107"]
[EventDate "2010.05.21"]
[EventType "swiss"]
[EventRounds "7"]
[EventCountry "NED"]
[Source "P.Boonen"]
[SourceDate "2010.10.01"]

1. e3 d5 2. f4 Nc6 3. d4 Bf5 4. Nf3 e6 5. Bb5 a6 6. Bxc6+ bxc6 7. O-O Nf6 8.
Ne5 c5 9. c3 Bd6 10. Qa4+ Nd7 11. Qxd7+ Qxd7 12. Nxd7 Kxd7 13. Nd2 c4 14. b3
cxb3 15. axb3 a5 16. Ba3 Rhb8 17. Bxd6 Kxd6 18. Ra3 Ra6 19. Rfa1 Rba8 20. Nf3
f6 21. h3 h5 22. Nh2 g5 23. Nf3 gxf4 24. exf4 c5 25. Kf2 cxd4 26. Nxd4 Bg6 27.
h4 e5 28. fxe5+ fxe5 29. Ne2 Ke6 30. g3 Bd3 31. Ng1 Bg6 32. Ke3 d4+ 33. cxd4
exd4+ 34. Kd2 Kd5 35. Ne2 d3 36. Nf4+ Ke4 37. Nxg6 Rc8 38. Ra4+ Kf3 39. Ne5+
Kxg3 40. Nxd3 Rac6 41. Rc1 Rxc1 42. Nxc1 Kf3 43. Rxa5 Rd8+ 44. Kc2 Rc8+ 45. Kb2
Ke3 46. Rd5 Rg8 47. Rxh5 Rg2+ 48. Ka3 Kd2 49. Rc5 Rg8 50. h5 Ra8+ 51. Kb2 Rg8
52. h6 Ke3 53. h7 Rg2+ 54. Rc2 1-0

[Event "ENCI Limburg-open C"]
[Site "Maastricht"]
[Date "2010.05.24"]
[Round "6"]
[White "Coenjaerts, Rene"]
[Black "Slangen Knuit, Dien"]
[Result "1-0"]
[WhiteElo "1717"]
[BlackElo "1121"]
[PlyCount "51"]
[EventDate "2010.05.21"]
[EventType "swiss"]
[EventRounds "7"]
[EventCountry "NED"]
[Source "P.Boonen"]
[SourceDate "2010.10.01"]

1. e4 e5 2. Nf3 d6 3. d4 exd4 4. Nxd4 Nf6 5. Nc3 Be7 6. Bc4 Nbd7 7. O-O Ne5 8.
Be2 O-O 9. f4 Neg4 10. h3 Nh6 11. Be3 c6 12. Qe1 Ne8 13. Rd1 d5 14. Nf3 f5 15.
exd5 c5 16. Ne5 Nf6 17. Bc4 b6 18. d6+ Kh8 19. dxe7 Qxe7 20. Nd5 Nxd5 21. Bxd5
Ba6 22. c4 Rad8 23. Nc6 Qf6 24. Nxd8 Rxd8 25. b3 g5 26. fxg5 1-0

[Event "ENCI Limburg-open C"]
[Site "Maastricht"]
[Date "2010.05.24"]
[Round "6"]
[White "De Bruin, Joost"]
[Black "Baekelant, Viktor"]
[Result "1-0"]
[WhiteElo "1314"]
[BlackElo "1047"]
[PlyCount "67"]
[EventDate "2010.05.21"]
[EventType "swiss"]
[EventRounds "7"]
[EventCountry "NED"]
[Source "P.Boonen"]
[SourceDate "2010.10.01"]

1. e4 e5 2. Nf3 Nf6 3. Bc4 Nc6 4. Ng5 d5 5. exd5 Nxd5 6. Nxf7 Kxf7 7. Qf3+ Qf6
8. Bxd5+ Be6 9. Qxf6+ Kxf6 10. Bxc6 bxc6 11. O-O Bd6 12. Nc3 Rhe8 13. d3 h6 14.
Be3 Bf5 15. Rfe1 Bh7 16. a3 Rab8 17. Rab1 Rb7 18. b4 e4 19. Bd4+ Kf7 20. Nxe4
Bxe4 21. Rxe4 Rxe4 22. dxe4 c5 23. Bc3 a5 24. e5 Be7 25. b5 a4 26. Bd2 Ke6 27.
c4 c6 28. f4 cxb5 29. Rxb5 Rxb5 30. cxb5 Kd7 31. Ba5 Kc8 32. Kf2 Kd7 33. Kf3 g6
34. g4 1-0

[Event "ENCI Limburg-open C"]
[Site "Maastricht"]
[Date "2010.05.24"]
[Round "6"]
[White "De Coninck, Erik"]
[Black "Hebels, Alex"]
[Result "1/2-1/2"]
[WhiteElo "1149"]
[BlackElo "1230"]
[PlyCount "52"]
[EventDate "2010.05.21"]
[EventType "swiss"]
[EventRounds "7"]
[EventCountry "NED"]
[Source "P.Boonen"]
[SourceDate "2010.10.01"]

1. c4 f5 2. g3 Nf6 3. Bg2 g6 4. Nc3 Bg7 5. e3 d6 6. Nge2 O-O 7. O-O e5 8. d4 e4
9. f3 Re8 10. fxe4 Nxe4 11. Nxe4 fxe4 12. Nc3 Na6 13. Qb3 c5 14. Bxe4 Qb6 15.
Qxb6 axb6 16. Bd5+ Kh8 17. Ne2 Nb4 18. dxc5 Nc2 19. Bf7 Nxa1 20. Bxe8 Bh3 21.
Rd1 Rxe8 22. cxd6 Nc2 23. d7 Rd8 24. e4 Rxd7 25. Rxd7 Bxd7 26. b3 Bc6 1/2-1/2

[Event "ENCI Limburg-open C"]
[Site "Maastricht"]
[Date "2010.05.24"]
[Round "6"]
[White "De Lange, Gerard"]
[Black "Bex, Lennert"]
[Result "1-0"]
[WhiteElo "1599"]
[BlackElo "1235"]
[PlyCount "159"]
[EventDate "2010.05.21"]
[EventType "swiss"]
[EventRounds "7"]
[EventCountry "NED"]
[Source "P.Boonen"]
[SourceDate "2010.10.01"]

1. c4 c6 2. Nc3 Nf6 3. g3 g6 4. Bg2 Bg7 5. e4 O-O 6. d4 d6 7. Nge2 e5 8. dxe5
dxe5 9. Qxd8 Rxd8 10. O-O Be6 11. b3 Na6 12. h3 Nb4 13. a3 Nd3 14. Be3 Nd7 15.
Rad1 N7c5 16. b4 Nb3 17. c5 Bc4 18. Rb1 Nd4 19. Rfd1 Rd7 20. Nc1 Nxc1 21. Rbxc1
Rad8 22. Re1 Nb3 23. Rc2 Rd3 24. Bf1 Nd2 25. Bxd2 Rxd2 26. Rxd2 Rxd2 27. Bxc4
Rc2 28. Re3 Bh6 29. f4 exf4 30. gxf4 Bxf4 31. Rf3 Rc1+ 32. Bf1 Be5 33. Ne2 Ra1
34. Rb3 Bh2+ 35. Kg2 Be5 36. Nc3 Re1 37. Ne2 Ra1 38. Kf2 Ra2 39. Kf3 Rd2 40.
Ke3 Rd1 41. Bg2 h5 42. a4 Ra1 43. a5 a6 44. Kd2 Ra2+ 45. Kd3 Kg7 46. Bf3 Kf6
47. Nd4 Rh2 48. Kc4 Rxh3 49. Bd1 Rh2 50. Nf3 Rh1 51. Rd3 Bf4 52. Bb3 Ke7 53. e5
g5 54. Kd4 g4 55. Ke4 Bh6 56. Nd4 Re1+ 57. Kf5 Bg7 58. e6 Re5+ 59. Kf4 fxe6 60.
Bxe6 Kf6 61. Bc8 Bh6+ 62. Kg3 Re7 63. Nf5 Rc7 64. Nd6 Kg6 65. Bxb7 Bf8 66. Bxa6
Kg5 67. Ne4+ Kf5 68. Nf2 Be7 69. Re3 h4+ 70. Kg2 h3+ 71. Nxh3 gxh3+ 72. Kxh3
Bg5 73. Bd3+ Kf4 74. Re6 Rb7 75. Re4+ Kf3 76. Rg4 Bd2 77. Be4+ Ke3 78. Bxc6
Rxb4 79. a6 Rb3 80. Rg3+ 1-0

[Event "ENCI Limburg-open C"]
[Site "Maastricht"]
[Date "2010.05.24"]
[Round "6"]
[White "De Ridder, Gertie"]
[Black "Hoek, Tjerk"]
[Result "1/2-1/2"]
[WhiteElo "1248"]
[BlackElo "1205"]
[PlyCount "144"]
[EventDate "2010.05.21"]
[EventType "swiss"]
[EventRounds "7"]
[EventCountry "NED"]
[Source "P.Boonen"]
[SourceDate "2010.10.01"]

1. e4 e5 2. Nf3 Nc6 3. d4 exd4 4. Nxd4 Nxd4 5. Qxd4 c5 6. Qd1 d6 7. Nc3 a6 8.
Bf4 Be7 9. Qd2 f5 10. O-O-O Nf6 11. e5 dxe5 12. Qxd8+ Bxd8 13. Bxe5 Be7 14.
Bxf6 Bxf6 15. Re1+ Kf7 16. Bc4+ Kg6 17. g3 b5 18. Bd3 c4 19. Bf1 Bb7 20. Rg1
Bc6 21. Bh3 b4 22. Ne2 Be4 23. Nf4+ Kf7 24. f3 Bxf3 25. Bxf5 g6 26. Be6+ Kg7
27. Bxc4 a5 28. Ne6+ Kh6 29. Rgf1 Bxb2+ 30. Kxb2 Bc6 31. h4 Rae8 32. Rf6 Re7
33. g4 Bd7 34. g5+ Kh5 35. Be2+ Kxh4 36. Rf4+ Kg3 37. Rf3+ Kg2 38. Nf4+ Kh2 39.
Rh3+ Bxh3 40. Nxh3 Kxh3 41. Bf1+ Kh4 42. Rxe7 Rd8 43. Rxh7+ Kxg5 44. Ra7 Rd5
45. Bc4 Rc5 46. Bd3 Kh5 47. Ra6 g5 48. Ra8 g4 49. Be2 Re5 50. Rh8+ Kg5 51. Rg8+
Kf6 52. Bxg4 Ke7 53. Ra8 Kd6 54. Rc8 Rg5 55. Be2 Kd7 56. Ba6 Rg6 57. Ra8 Kc7
58. Bd3 Rg5 59. Kb3 Rc5 60. Ka4 Kb6 61. Ra6+ Kc7 62. Rxa5 Kb6 63. Ra6+ Kb7 64.
Kxb4 Rxc2 65. Bc4 Rxc4+ 66. Kxc4 Kxa6 67. Kb4 Kb6 68. a4 Ka6 69. a5 Kb7 70. Kb5
Ka7 71. a6 Kb8 72. Kb6 Ka8 1/2-1/2

[Event "ENCI Limburg-open C"]
[Site "Maastricht"]
[Date "2010.05.24"]
[Round "6"]
[White "Dekens, Joop"]
[Black "Been, Klaas"]
[Result "0-1"]
[WhiteElo "1601"]
[BlackElo "1735"]
[PlyCount "103"]
[EventDate "2010.05.21"]
[EventType "swiss"]
[EventRounds "7"]
[EventCountry "NED"]
[Source "P.Boonen"]
[SourceDate "2010.10.01"]

1. e4 e5 2. Nf3 Nc6 3. Bb5 a6 4. Ba4 Nf6 5. O-O d6 6. Re1 b5 7. Bb3 Be7 8. c3
O-O 9. h3 Na5 10. Bc2 c5 11. d4 cxd4 12. cxd4 Qc7 13. Nbd2 Bd7 14. b4 Nc6 15.
d5 Nxb4 16. Bb3 Rfc8 17. Ba3 Nd3 18. Re3 Nf4 19. Nxe5 Be8 20. Nef3 a5 21. Rc1
Qb7 22. Nd4 a4 23. Bc2 b4 24. Bb2 a3 25. Ba1 Bd8 26. Nf5 Qa6 27. Rf3 Ne2+ 28.
Kh2 Nxc1 29. Rg3 g6 30. Nh6+ Kf8 31. Qf3 Rxc2 32. Bxf6 Rc3 33. Bxc3 bxc3 34.
Qxc3 Ne2 35. Qh8+ Ke7 36. Rf3 Kd7 37. Nb1 Qb5 38. Nxa3 Rxa3 39. Rxa3 Qb1 40. h4
Qg1+ 41. Kh3 Qh1+ 42. Kg4 Qxh4+ 43. Kf3 Ng1+ 44. Ke3 Qxh6+ 45. Kd3 Qc1 46. Ra7+
Bc7 47. Ra8 Qb1+ 48. Ke3 Bb8 49. Kf4 Qc1+ 50. Kg4 h5+ 51. Kg3 Qb1 52. Qc3 0-1

[Event "ENCI Limburg-open C"]
[Site "Maastricht"]
[Date "2010.05.24"]
[Round "6"]
[White "Demarre, Mathias"]
[Black "Fortenbacher, Florian"]
[Result "0-1"]
[WhiteElo "1119"]
[BlackElo "1431"]
[PlyCount "60"]
[EventDate "2010.05.21"]
[EventType "swiss"]
[EventRounds "7"]
[EventCountry "NED"]
[Source "P.Boonen"]
[SourceDate "2010.10.01"]

1. e4 e5 2. Nf3 Nc6 3. Nc3 d6 4. d3 Bg4 5. Be2 Nf6 6. Bg5 Be7 7. Bxf6 Bxf6 8.
Nd5 O-O 9. O-O a6 10. b3 Na7 11. h3 Bh5 12. g4 Bg6 13. Nxf6+ Qxf6 14. h4 h6 15.
g5 hxg5 16. hxg5 Qe6 17. Kg2 Qg4+ 18. Kh2 Kh7 19. Nxe5 Qf4+ 20. Kg2 Qxe5 21.
Rh1+ Kg8 22. Rh3 Rfe8 23. Qh1 Kf8 24. Rg1 Nc6 25. Rh8+ Ke7 26. Rxe8+ Rxe8 27.
Qh4 Nd4 28. Bd1 Ne6 29. Kf3 Nd4+ 30. Ke3 Nf5+ 0-1

[Event "ENCI Limburg-open C"]
[Site "Maastricht"]
[Date "2010.05.24"]
[Round "6"]
[White "Dijkstra, Hidde"]
[Black "Uiterwijk, Jos"]
[Result "0-1"]
[WhiteElo "1368"]
[BlackElo "1702"]
[PlyCount "82"]
[EventDate "2010.05.21"]
[EventType "swiss"]
[EventRounds "7"]
[EventCountry "NED"]
[Source "P.Boonen"]
[SourceDate "2010.10.01"]

1. d4 d5 2. c4 e6 3. Nc3 Bb4 4. a3 Bxc3+ 5. bxc3 Ne7 6. Bf4 O-O 7. e3 b6 8. Nf3
Ba6 9. Qb3 Nbc6 10. Kd2 Na5 11. Qa4 Bxc4 12. Ne5 Nb3+ 13. Kd1 b5 14. Qa6 Nxa1
15. Bxc4 bxc4 16. h4 Qc8 17. Qa4 Qb7 18. Ke2 Ng6 19. Kf3 Nxe5+ 20. Bxe5 Nb3 21.
g4 Nd2+ 22. Kg2 Ne4 23. Qd7 Qc8 24. Qc6 Rb8 25. g5 Rb2 26. Rf1 Rb6 27. Qa4 Nxc3
28. Qxa7 Ra6 29. Qc5 Ne4 30. Qb4 Rb6 31. Qa4 c6 32. Qd1 g6 33. Qf3 Qd8 34. Qf4
Rb7 35. f3 f6 36. gxf6 Nxf6 37. Qh6 Nh5 38. f4 Qxh4 39. f5 Rb2+ 40. Kg1 Qg4+
41. Kh1 Qh3+ 0-1

[Event "ENCI Limburg-open C"]
[Site "Maastricht"]
[Date "2010.05.24"]
[Round "6"]
[White "Dubbeldam, Lydia"]
[Black "Demarre, Thomas"]
[Result "1/2-1/2"]
[WhiteElo "1107"]
[BlackElo "1332"]
[PlyCount "120"]
[EventDate "2010.05.21"]
[EventType "swiss"]
[EventRounds "7"]
[EventCountry "NED"]
[Source "P.Boonen"]
[SourceDate "2010.10.01"]

1. e4 e6 2. d4 d5 3. Nd2 c5 4. exd5 exd5 5. Bb5+ Nc6 6. Qe2+ Qe7 7. c3 a6 8.
Ba4 Nf6 9. Ngf3 Bg4 10. h3 Bh5 11. Qxe7+ Bxe7 12. Ne5 Rc8 13. f4 Bg6 14. Nxg6
fxg6 15. g4 b5 16. Bb3 cxd4 17. g5 dxc3 18. bxc3 Ne4 19. Bb2 b4 20. cxb4 Nxb4
21. Nxe4 dxe4 22. Bxg7 Nd3+ 23. Kd2 Bb4+ 24. Ke2 Rf8 25. Bxf8 Kxf8 26. Ke3 Bc5+
27. Kd2 Rd8 28. Ke2 Nxf4+ 29. Ke1 Ke7 30. Rd1 Nd3+ 31. Ke2 Nf2 32. Rxd8 Kxd8
33. Rc1 Ba3 34. Rc4 Nxh3 35. Rxe4 Nxg5 36. Ra4 Bc5 37. Rxa6 Ke7 38. Ra5 Kd6 39.
Kd3 Nf3 40. Ra6+ Ke5 41. Bg8 Ng5 42. Ra5 Kd6 43. Kc4 Be3 44. Ra6+ Ke5 45. Ra5+
Kf4 46. Ra4 h5 47. Kd3+ Kf3 48. Bd5+ Kf2 49. Ra6 h4 50. Rxg6 h3 51. a4 Nf3 52.
Bxf3 Kxf3 53. Rg7 Bf2 54. Rh7 Kg2 55. Ke2 Bc5 56. Rg7+ Kh2 57. Kf1 Bd4 58. Rh7
Kg3 59. a5 h2 60. a6 Ba7 1/2-1/2

[Event "ENCI Limburg-open C"]
[Site "Maastricht"]
[Date "2010.05.24"]
[Round "6"]
[White "Esser, Thomas"]
[Black "Laarhoven, Marcel"]
[Result "1-0"]
[WhiteElo "1677"]
[BlackElo "1716"]
[PlyCount "119"]
[EventDate "2010.05.21"]
[EventType "swiss"]
[EventRounds "7"]
[EventCountry "NED"]
[Source "P.Boonen"]
[SourceDate "2010.10.01"]

1. e4 d5 2. exd5 Qxd5 3. Nf3 Nf6 4. d4 c6 5. Be2 e6 6. O-O Nbd7 7. c4 Qa5 8.
Bf4 Nh5 9. Bg5 h6 10. Be3 Nhf6 11. a3 Ng4 12. Bf4 Qf5 13. Bg3 Ngf6 14. Nc3 Be7
15. Re1 Nb6 16. Ne5 Qh7 17. Bd3 g6 18. Qf3 O-O 19. Rad1 Qg7 20. Ne2 Nh5 21. Nf4
Nxf4 22. Bxf4 Nd7 23. Ng4 g5 24. Bd2 f5 25. Ne3 g4 26. Qe2 Nf6 27. Nxf5 exf5
28. Qxe7 Rf7 29. Qe3 Kh7 30. Bc3 Bd7 31. Qf4 Qg6 32. Qd6 Kg7 33. Re7 Raf8 34.
d5 cxd5 35. Bxf6+ Qxf6 36. Rxd7 Rxd7 37. Qxd7+ Rf7 38. Qxd5 Qxb2 39. Bxf5 Qf6
40. Bd3 Qxf2+ 41. Kh1 Qf4 42. Qe4 Qxe4 43. Bxe4 Re7 44. Bd5 h5 45. Kg1 Re3 46.
Bxb7 Rxa3 47. c5 Kf6 48. c6 Rc3 49. Ra1 h4 50. Rxa7 g3 51. Ra1 Ke5 52. Rd1 Rc2
53. hxg3 hxg3 54. Kf1 Kf4 55. Re1 Rf2+ 56. Kg1 Rc2 57. Ra1 Ke5 58. Kf1 Kd6 59.
Ra3 Rf2+ 60. Kg1 1-0

[Event "ENCI Limburg-open C"]
[Site "Maastricht"]
[Date "2010.05.24"]
[Round "6"]
[White "Heinemans, Nol"]
[Black "Roemhild, Wolfgang"]
[Result "0-1"]
[WhiteElo "1680"]
[BlackElo "1675"]
[PlyCount "72"]
[EventDate "2010.05.21"]
[EventType "swiss"]
[EventRounds "7"]
[EventCountry "NED"]
[Source "P.Boonen"]
[SourceDate "2010.10.01"]

1. d4 g6 2. Nf3 Bg7 3. c3 d6 4. Bg5 Nf6 5. Nbd2 Nbd7 6. Qc2 b6 7. e4 O-O 8. Bd3
c5 9. Rc1 Re8 10. O-O e5 11. d5 h6 12. Be3 Nf8 13. h3 Bd7 14. Nh2 Qc8 15. Nc4
Qc7 16. f4 b5 17. Nd2 exf4 18. Bxf4 c4 19. Be2 Nxd5 20. Rce1 Nxf4 21. Rxf4 Be5
22. Rf3 Nh7 23. Ng4 Bxg4 24. hxg4 Ng5 25. Rff1 Qc5+ 26. Kh1 Bg3 27. Rd1 Qe3 28.
Bf3 Be5 29. g3 Bxg3 30. Kg2 Bh4 31. Kh1 Re5 32. Bg2 Bf2 33. Nf3 Nxe4 34. Nxe5
Ng3+ 35. Kh2 Nxf1+ 36. Rxf1 Qg3+ 0-1

[Event "ENCI Limburg-open C"]
[Site "Maastricht"]
[Date "2010.05.24"]
[Round "6"]
[White "Henrotte, Nils"]
[Black "Van der Heijden, Arnold"]
[Result "1-0"]
[WhiteElo "1655"]
[BlackElo "1618"]
[PlyCount "113"]
[EventDate "2010.05.21"]
[EventType "swiss"]
[EventRounds "7"]
[EventCountry "NED"]
[Source "P.Boonen"]
[SourceDate "2010.10.01"]

1. Nf3 d5 2. e4 e6 3. exd5 exd5 4. d4 Nf6 5. Be3 Bd6 6. Nbd2 Bg4 7. Bd3 Nbd7 8.
c3 c6 9. Qe2 Qe7 10. O-O O-O 11. Rfe1 Rfe8 12. Qd1 Qd8 13. Qc2 Qc7 14. h3 Bh5
15. Nh4 Bf4 16. g4 Nxg4 17. hxg4 Bh2+ 18. Kh1 Bxg4 19. Bxh7+ Kf8 20. Bf5 Bh5
21. Bxd7 Qxd7 22. Qf5 Qxf5 23. Nxf5 Bc7 24. Kg2 Bg6 25. Ng3 Re6 26. Rh1 Ke7 27.
Rae1 Kd7 28. Bg5 Rae8 29. Rxe6 Rxe6 30. Be3 Re8 31. Ne2 b6 32. Nf4 Bc2 33. Rg1
Rh8 34. Kf1 g6 35. Nf3 Ke7 36. Ke2 Bf5 37. Kd2 Be4 38. Ng5 Bf5 39. Nd3 Rh5 40.
Nf3 Kd7 41. Nde5+ Bxe5 42. Nxe5+ Ke6 43. Nxc6 a6 44. Nb4 a5 45. Nd3 Bxd3 46.
Kxd3 b5 47. a4 bxa4 48. Ra1 f5 49. Rxa4 g5 50. Rxa5 Rh3 51. Ra6+ Ke7 52. Ke2 f4
53. Bd2 Kf7 54. Rd6 f3+ 55. Ke3 g4 56. Rxd5 Kf6 57. Kf4 1-0

[Event "ENCI Limburg-open C"]
[Site "Maastricht"]
[Date "2010.05.24"]
[Round "6"]
[White "Heuts, Guido"]
[Black "Vincent, Ayla"]
[Result "1-0"]
[WhiteElo "1450"]
[BlackElo "1096"]
[PlyCount "81"]
[EventDate "2010.05.21"]
[EventType "swiss"]
[EventRounds "7"]
[EventCountry "NED"]
[Source "P.Boonen"]
[SourceDate "2010.10.01"]

1. d4 Nf6 2. c4 d5 3. Nc3 Bf5 4. Bf4 Nc6 5. Nf3 e6 6. e3 Bb4 7. Be2 Ne4 8. Rc1
O-O 9. a3 Ba5 10. b4 Nxb4 11. axb4 Bxb4 12. Qb3 a5 13. O-O Bxc3 14. Rxc3 Nxc3
15. Qxc3 Qe7 16. cxd5 exd5 17. Bg5 Qb4 18. Qxc7 a4 19. Be7 Qb2 20. Bxf8 Rxf8
21. Re1 a3 22. Qc1 Rc8 23. Qa1 Rb8 24. Ne5 h6 25. Bd3 Bxd3 26. Nxd3 Qd2 27. Rd1
Qa5 28. h3 b5 29. Rb1 b4 30. Rb3 Qa4 31. Qa2 Rc8 32. Nc5 Qb5 33. f3 Kh7 34. Kf2
Kg6 35. Kg3 Kg5 36. h4+ Kf5 37. e4+ dxe4 38. fxe4+ Kf6 39. Kf3 Qf1+ 40. Kg3 Qc4
41. Rf3+ 1-0

[Event "ENCI Limburg-open C"]
[Site "Maastricht"]
[Date "2010.05.24"]
[Round "6"]
[White "Hinzen, Jack"]
[Black "Thirion, Jean Francois"]
[Result "0-1"]
[WhiteElo "1489"]
[BlackElo "1660"]
[PlyCount "30"]
[EventDate "2010.05.21"]
[EventType "swiss"]
[EventRounds "7"]
[EventCountry "NED"]
[Source "P.Boonen"]
[SourceDate "2010.10.01"]

1. c4 f5 2. d4 e6 3. a3 Nf6 4. Bg5 Be7 5. Nf3 O-O 6. e3 d5 7. c5 Ne4 8. Bxe7
Qxe7 9. Ne5 g6 10. f3 Qh4+ 11. g3 Nxg3 12. Rg1 Ne4+ 13. Ke2 Qf2+ 14. Kd3 Qxg1
15. fxe4 fxe4+ 0-1

[Event "ENCI Limburg-open C"]
[Site "Maastricht"]
[Date "2010.05.24"]
[Round "6"]
[White "Houben, Tom"]
[Black "Van Broekhoven, Stefan"]
[Result "0-1"]
[WhiteElo "949"]
[BlackElo "1309"]
[PlyCount "98"]
[EventDate "2010.05.21"]
[EventType "swiss"]
[EventRounds "7"]
[EventCountry "NED"]
[Source "P.Boonen"]
[SourceDate "2010.10.01"]

1. d4 d5 2. Bf4 Nf6 3. Nf3 Nc6 4. e3 Bg4 5. c4 dxc4 6. Bxc4 a6 7. O-O e6 8. Nc3
Bd6 9. Bg3 O-O 10. Re1 Bb4 11. a3 Bd6 12. Ba2 Ne7 13. Bh4 Nf5 14. Bxf6 Qxf6 15.
Bb1 Rad8 16. h3 Bxf3 17. Qxf3 Be7 18. Qe4 Qh4 19. g4 Nd6 20. Qg2 Bg5 21. Qg3 f5
22. Qxh4 Bxh4 23. gxf5 Nxf5 24. Bd3 Ne7 25. Ne4 e5 26. Bc4+ Kh8 27. dxe5 Ng6
28. e6 Ne5 29. Be2 Rde8 30. Nc5 Bxf2+ 31. Kf1 Bxe3+ 32. Kg2 Rf2+ 33. Kh1 Bxc5
34. Bh5 Rxe6 35. Rad1 Bd6 36. Rg1 Nf3 37. Bxf3 Rxf3 38. Rg4 Re2 39. b4 Rxh3+
40. Kg1 Ra2 41. Re4 h6 42. Rf1 Rhh2 43. Re8+ Kh7 44. Rfe1 Bg3 45. Rd1 Rag2+ 46.
Kf1 Rf2+ 47. Kg1 Rfg2+ 48. Kf1 Ra2 49. Re7 Rh1# 0-1

[Event "ENCI Limburg-open C"]
[Site "Maastricht"]
[Date "2010.05.24"]
[Round "6"]
[White "Keetman, Sandra"]
[Black "Bok, Gidius"]
[Result "1/2-1/2"]
[WhiteElo "1295"]
[BlackElo "1682"]
[PlyCount "55"]
[EventDate "2010.05.21"]
[EventType "swiss"]
[EventRounds "7"]
[EventCountry "NED"]
[Source "P.Boonen"]
[SourceDate "2010.10.01"]

1. e4 e5 2. Nf3 Nc6 3. Bc4 Nf6 4. d3 Bc5 5. O-O d6 6. h3 O-O 7. Nc3 Be6 8. Bb3
Nd4 9. Be3 Nxb3 10. axb3 Bb6 11. Qd2 h6 12. d4 exd4 13. Bxd4 Bxd4 14. Nxd4 Re8
15. Qe3 Bd5 16. f3 Bc6 17. Qf4 Bd7 18. Rfe1 Nh5 19. Qd2 Qh4 20. Qf2 Qxf2+ 21.
Kxf2 c5 22. Ndb5 Bxb5 23. Nxb5 Red8 24. Rxa7 Rxa7 25. Nxa7 d5 26. Rd1 Ra8 27.
Nb5 dxe4 28. fxe4 1/2-1/2